Computer applications in management / (Record no. 51038)

MARC details
000 -LEADER
fixed length control field 00923nam a22002417a 4500
005 - DATE AND TIME OF LATEST TRANSACTION
control field 20110314102445.0
008 - FIXED-LENGTH DATA ELEMENTS--GENERAL INFORMATION
fixed length control field 110314t xxu||||| |||| 00| 0 eng d
010 ## - LCCN (DPL NO)
LC control number ENG-102115
020 ## - INTERNATIONAL STANDARD BOOK NUMBER
International Standard Book Number 9788184840964
Terms of availability 1450.00
035 ## - SYSTEM CONTROL NUMBER
System control number EN-85648
037 ## - SOURCE OF ACQUISITION
Source of stock number/acquisition DBAD / PUB
040 ## - CATALOGING SOURCE
Original cataloging agency dpl
Language of cataloging Eng
082 ## - DEWEY DECIMAL CLASSIFICATION NUMBER
Classification number 658.0018
100 ## - MAIN ENTRY--PERSONAL NAME
Personal name Sarabjit Singh
9 (RLIN) 26524
245 ## - TITLE STATEMENT
Title Computer applications in management /
Statement of responsibility, etc by Sarabjit Singh [and] Sumeet Sharma
260 ## - PUBLICATION, DISTRIBUTION, ETC. (IMPRINT)
Place of publication, distribution, etc New Delhi
Name of publisher, distributor, etc Regal Publications
Date of publication, distribution, etc 2011
270 ## - ADDRESS
Address F-159, Rajouri Garden
City New Delhi
Postal code 110 027
Telephone number 011-45546396
Electronic mail address regalbookspub@yahoo.com
300 ## - PHYSICAL DESCRIPTION
Extent xii, 296 p. :
Dimensions 24 cm. (Hb)
Other physical details ill.
500 ## - GENERAL NOTE
General note includes index
700 ## - ADDED ENTRY--PERSONAL NAME
Personal name Sharma, Sumeet
9 (RLIN) 26525
942 ## - ADDED ENTRY ELEMENTS (KOHA)
Institution code [OBSOLETE] dpl
Item type English Books
Source of classification or shelving scheme Dewey Decimal Classification
Classification part 658.0018
Call number suffix SAR
Holdings
Withdrawn status Lost status Source of classification or shelving scheme Damaged status Not for loan Collection code Home library Current library Date acquired Source of acquisition Cost, normal purchase price Total Checkouts Full call number Barcode Date last seen Copy number Cost, replacement price Koha item type
    Dewey Decimal Classification   Not For Loan Non-fiction D.B.Act.Division D.B.Act.Division 14/03/2011 DBAD/PUB 1450.00   658.0018 SAR EN-85648 14/03/2011 1 1450.00 English Books

© Delhi Public Library
Hit Counter
free hit counter